Integrované axiálno-piestové celky pre pohonný systém mobilných strojov

Bibliographic Details
Main Author: Gostanian, Edward (Author)
Format: Article
Language:Slovak
PhysicalDescription:Obr. 2. Tb. 5. Grafy 1. Sch. 6., lit. 6 zázn. v slov., nem.
Subjects:

MARC

LEADER 00000nab a2200000 a 4500
001 vtls000367095
003 SK-MaSNL
005 20260304231956.0
008 160205c1989 xo 0 slo
015 |a SNBRB19rr/mm-uuuuu 
035 |a CL0367217 
040 |a SNKBUCL  |b slo  |c SNKBUCL  |e AACR2 
041 0 |a slo 
044 |a xo  |c SK 
080 |a 62-82:621.869.4:061.6  |2 1981 
080 |a 621.869.4  |2 1981 
080 |a 061.6  |2 1981 
100 1 |a Gostanian, Edward  |4 aut  |9 930081 
245 1 0 |a Integrované axiálno-piestové celky pre pohonný systém mobilných strojov  |c Edward Gostanian 
300 |b Obr. 2. Tb. 5. Grafy 1. Sch. 6., lit. 6 zázn. v slov., nem. 
610 2 7 |a Závody ťažkého strojárstva (Dubnica nad Váhom, Slovensko).  |b Výskumný ústav hydraulických mechanizmov  |2 snkbucl  |9 260756 
650 0 7 |a hydraulika mobilná  |2 snkbucl  |9 961915 
650 0 7 |a pohonné systémy  |2 snkbucl  |9 51036 
650 0 7 |a prevodníky axiálnopiestové  |2 snkbucl  |9 1030014 
651 7 |a 5307  |2 snkbucl  |9 284648 
655 7 |a články z novín a časopisov  |2 snkbucl  |9 267496 
773 0 |t Hydraulika  |g Č. 53 (1989), s. 36-40 
850 |a Slovenská národná knižnica v Martine  |a MTA001 
852 |a SNK  |b KIS3GCP 
958 |a NB 
958 |a RK 
992 |a RBX 
999 |c 3191521  |d 3193451